00732nam a2200241 a 4500001001300000003000900013005001700022008004100039020002300080082001700103100002000120245007300140260002500213300000900238500003500247505001000282650003000292700002000322902000800342942000700350952011800357999001500475nice12345678IN_TiNIC20260116013121.0050524s1999 lona grp 000 0 eng  a0712661 c69500a232.908bELL aEllegard, Alvar aJesusb One Hundred Years Before Christ: Study in Creative Mythology aLondonbRider c1999 a321p aincludes index and biblioraphy2 aIndex aJesus Christ-Historiocity1 aEllegard, Alvar bSRS cBK 001040708StackRoom-aHMIbHMId2007-06-19g695.00l0o232.908 ELLp019842r2007-06-19v695.00w2005-05-24yBK c9725d9725